000 00885nam a2200205 a 4500
008 120924s2006 ||||||||||||||||| || u
020 _a032131252x
050 _aT 385 Ang
100 _aAngel, Edward
245 1 0 _aInteractive computer graphics : a top-down approach using open GL. (4th ed.)
_cby Edward, Angel
250 _a4th edition
260 _aNew York:
_bPearson
_c2006
300 _axxix, 784 pages : illustrations
500 _aDonated by Counsellor Kang'ombe
650 _aINTERACTIVE COMPUTER SYSTEMS
650 _aOPENGL
650 0 _aCOMPUTER GRAPHICS
995 _aMAIN LIBRARY OPEN ACCESS
_e743362
_FCBU-MAIN LIBRARY (Kitwe)
_jT 385 Ang
_M2
_UAVAILABLE
_WOct 4, 2012
_y743362
_ZMain Library Open Access Collection
995 _aMAIN LIBRARY OPEN ACCESS
_e743361
_FCBU-MAIN LIBRARY (Kitwe)
_jT 385 Ang
_M1
_UAVAILABLE
_WOct 4, 2012
_y743361
_ZMain Library Open Access Collection
999 _c77481
_d77481